Five on a hike together (Record no. 324968)
[ view plain ]
| 000 -LEADER | |
|---|---|
| fixed length control field | 00363 a2200133 4500 |
| 001 - CONTROL NUMBER | |
| control field | 89895 |
| 003 - CONTROL NUMBER IDENTIFIER | |
| control field | NUST |
| 082 ## - DEWEY DECIMAL CLASSIFICATION NUMBER | |
| Classification number | 823.912 BLY |
| 100 ## - MAIN ENTRY--PERSONAL NAME | |
| Personal name | Blyton Grid |
| 9 (RLIN) | 9900 |
| 245 ## - TITLE STATEMENT | |
| Title | Five on a hike together |
| Remainder of title | The Famous Five |
| Statement of responsibility, etc. | Grid Blyton |
| Medium | English |
| 260 ## - PUBLICATION, DISTRIBUTION, ETC. | |
| Place of publication, distribution, etc. | London |
| Name of publisher, distributor, etc. | Hodder Children's Book |
| Date of publication, distribution, etc. | 2010 |
| 300 ## - PHYSICAL DESCRIPTION | |
| Extent | viii, 213p. |
| 500 ## - GENERAL NOTE | |
| General note | General Books |
| 942 ## - ADDED ENTRY ELEMENTS (KOHA) | |
| Institution code [OBSOLETE] | CAE NUST |
| Koha item type | Book |
| Call number prefix | 823.912 BLY |
| Source of classification or shelving scheme | |
| Withdrawn status | Lost status | Damaged status | Not for loan | Collection code | Permanent Location | Current Location | Date acquired | Total Checkouts | Full call number | Barcode | Date last seen | Price effective from | Koha item type |
|---|---|---|---|---|---|---|---|---|---|---|---|---|---|
| College of Aeronautical Engineering (CAE) | College of Aeronautical Engineering (CAE) | 04/03/2017 | 823.912 BLY | CAE86751 | 04/05/2017 | 04/05/2017 | Book |
